| 000 | 00380cam a22001337a 4500 | ||
|---|---|---|---|
| 008 | 180718b1956 xxu||||| |||| 00| 0 eng d | ||
| 082 | _aLx73 P787 | ||
| 100 | _aPoole, Kenyon E. | ||
| 245 |
_aPublic finance and economic welfare _cby Kenyon E. Poole |
||
| 260 |
_aNew York _bRinehart _c1956 |
||
| 300 | _a640p. | ||
| 650 | _aEconomic welfare --USA | ||
| 650 | _aFinance, Public --USA | ||
| 999 |
_c433675 _d433675 |
||